000 00840nac a22003130a 4500
001 PT7333
003 AR-LpoUNG
005 20210201004909.0
008 201001s1986||||sp |||||||||||||||||spa d
020 _a8471378116
_c$19.73
040 _aAR-LpoUNG
_bspa
_eaacr
041 _aspa
044 _asp
082 0 _aR912.7 182v9
245 1 0 _aGran atlas salvat :
_bAmérica septentrional física, América septentrional política, Alaska, Groenlandia, Canadá
260 _aPamplona :
_bSalvat,
_c1986.
300 _a[50] p. :
_btbls., il.
_a(9
_fVolúmenes)
_3Impreso
490 0 _aGran atlas salvat
650 4 _aAMERICA
650 4 _aATLAS
650 4 _aCARTOGRAFIA
650 4 _aGEOGRAFIA
650 4 _aGEOGRAFIA FISICA
650 4 _aMAPAS
651 4 _aMundial
710 2 _aSalvat
905 _a7333
942 _cLSALA
999 _c47824
_d47824